ARRUPE JESUIT UNIVERSITY

CORONAVIRUS -STOP THE SPREAD - CLEAN,DISINFECT,COVER

Investing Directly in the Poor (Record no. 121715)

MARC details
000 -LEADER
fixed length control field 00539nam a22001577a 4500
008 - FIXED-LENGTH DATA ELEMENTS--GENERAL INFORMATION
fixed length control field 150115b xxu||||| |||| 00| 0 eng d
050 ## - LIBRARY OF CONGRESS CALL NUMBER
Classification number SPC HN37.C3 J4 P493
100 ## - MAIN ENTRY--PERSONAL NAME
Personal name Petrauskis
9 (RLIN) 14089
245 ## - TITLE STATEMENT
Title Investing Directly in the Poor
Remainder of title a demand for social protection in Zambia
Statement of responsibility, etc Chris Petrauskis
260 ## - PUBLICATION, DISTRIBUTION, ETC. (IMPRINT)
Place of publication, distribution, etc Zambia
Name of publisher, distributor, etc Jesuit Cantre for Theological Relections
Date of publication, distribution, etc 2007
300 ## - PHYSICAL DESCRIPTION
Extent ii, 26p. ;
Dimensions 30cm.
500 ## - GENERAL NOTE
General note Stencilled
650 ## - SUBJECT ADDED ENTRY--TOPICAL TERM
Topical term or geographic name as entry element Human rights
Geographic subdivision Zambia
9 (RLIN) 14068
650 ## - SUBJECT ADDED ENTRY--TOPICAL TERM
Topical term or geographic name as entry element Social legislation
Geographic subdivision Zambia
9 (RLIN) 14069
942 ## - ADDED ENTRY ELEMENTS (KOHA)
Source of classification or shelving scheme Library of Congress Classification
Item type SPC
Holdings
Withdrawn status Lost status Source of classification or shelving scheme Damaged status Not for loan Collection code Home library Current library Shelving location Date acquired Total Checkouts Full call number Barcode Date last seen Price effective from Koha item type
    Library of Congress Classification     SPECIAL Collection ARRUPE LIBRARY ARRUPE LIBRARY Main Collection 15/01/2015   SPC HN37.C3 J4 P493 46500003214 15/01/2015 15/01/2015 SPC

 

Arrupe Library. PO Box MP320 Mt Pleasant, Harare, Zimbabwe
263 242 745411|librarian@aju.ac.zw